000 00677nam a2200241Ia 4500
003 OSt
005 20221005032509.0
006 a|||||r|||| 00| 0
007 ta
008 221004b |||||||| |||| 00| 0 tam d
024 _a63694
037 _cTextual
040 _aCRL
_cCRL
_btam
041 _2tam
_atam
082 _aO31v21,N5, L0
100 _aPulavar Soma.Ilavarasu Au.
_9585193
245 0 _aIrupathu Nootandukalil Tamil
260 _aChithambaram
_bManivasakar Noolagam India
_c1970
300 _a170p.
_ccm.
650 _aTAMIL LITERATURE
942 _hO31v21,N5, L0
_cTEXL
_2cc
999 _c939825
_d939825